Blackie's dictionary of quotation (Record no. 91976)

MARC details
000 -LEADER
fixed length control field 00523nam a22001817a 4500
005 - DATE AND TIME OF LATEST TRANSACTION
control field 20150429122652.0
010 ## - LCCN (DPL NO)
LC control number ENG-112257
020 ## - INTERNATIONAL STANDARD BOOK NUMBER
Terms of availability 200.00
International Standard Book Number 9788121941228
020 ## - INTERNATIONAL STANDARD BOOK NUMBER
Terms of availability 200.00
International Standard Book Number 8121941229
035 ## - SYSTEM CONTROL NUMBER
System control number EN-95789
037 ## - SOURCE OF ACQUISITION
Source of stock number/acquisition DBAD/PUB
082 ## - DEWEY DECIMAL CLASSIFICATION NUMBER
Classification number 808.882
245 ## - TITLE STATEMENT
Title Blackie's dictionary of quotation
260 ## - PUBLICATION, DISTRIBUTION, ETC. (IMPRINT)
Place of publication, distribution, etc Mumbai
Name of publisher, distributor, etc Blackie
Date of publication, distribution, etc [201?]
270 ## - ADDRESS
Address 103/5, Walchand Hirachand Marg, Opp. G.P.O.
City Mumbai
Postal code 400001
300 ## - PHYSICAL DESCRIPTION
Extent ix,317p.
Other physical details 24cm(pbk)
942 ## - ADDED ENTRY ELEMENTS (KOHA)
Source of classification or shelving scheme Dewey Decimal Classification
Item type English Books
Call number suffix BLA
Classification part 808.882
Holdings
Withdrawn status Lost status Not for loan Collection code Home library Current library Date acquired Source of acquisition Cost, normal purchase price Full call number Barcode Copy number Cost, replacement price Koha item type
    Not For Loan Non-fiction D.B.Act.Division D.B.Act.Division 27/02/2015 DBAD/PUB 200.00 808.882 BLA EN-95789 1 200.00 English Books

© Delhi Public Library
Hit Counter
free hit counter